00514nam a2200157Ia 4500003000400000005001700004008004100021040001800062041000800080082001500088100003600103245017000139260001900309600001400328650001400342OSt20260331084156.0211028s2010 xx 000 0 und d cAIMIT LIBRARY aeng a658.8 SIDS aSidi, Santosh;Girish M.g816043 aTo design promotional strategies to reach and tap both current and potential customers in Mangalore for the reference to its food and beverages and banquet service / bGirish Mc2010 aMarketing aMarketing